00000000nam##2200000za#4500
0019.603160
003CaOODSP
00520240212134142
007cr |||||||||||
008150406|1996||||xxc|||||o    f|0| 0 fre|d
040 |aCaOODSP|bfre
043 |an-cn---
0861 |aNE12-3/5-1996F-PDF
1101 |aCanada. |bOffice national de l'énergie.
24510|aLes publications de l'Office |h[ressource électronique]
260 |aCalgary - Alberta : |bOffice national de l'énergie |cAoût 1996.
300 |a11p.|btableau
4901 |aBulletin d'information |v5
500 |aLe nº de catalogue (NE 12-3/5F) et l'ISSN (0825-0189) de l'édition imprimée ont été incorrectement copiés dans cette édition électronique.
5203 |a«Le bulletin décrit les diverses publications produites par l'Office national de l'énergie, ainsi que la marche à suivre pour les obtenir.»--Synopsis, p.1 de 11.
590 |a12-03-Supp|b2012-02-14
77508|tThe Board's publications |w(CaOODSP)9.572908
7760#|tLes publications de l'Office ébauche |w(CaOODSP)9.624043
830#0|aBulletin d'information ;|v5|w(CaOODSP)9.503172
85640|ahttp://publications.gc.ca|qPDF|s133 Ko|uhttps://publications.gc.ca/collections/Collection/NE12-3-5-1996F.pdf|y5